|
|
|
|
| LEADER |
00000nam a2200000 a 4500 |
| 001 |
vtls001217968 |
| 003 |
SK-MaSNL |
| 005 |
20260301154415.0 |
| 008 |
240318s1996 xo ga r yy slo |
| 015 |
|
|
|a SNBA1996/0802336
|
| 020 |
|
|
|a 8071211087
|c (500 výt.)
|
| 035 |
|
|
|a SNK000161279
|
| 035 |
|
|
|a urn:nbn:sk:snk-amk2sn
|
| 035 |
|
|
|a urn:nbn:sk:snk-am0083i9
|
| 035 |
|
|
|a 9F99B4CC-C7F8-4DC0-B1E1-0FF8D96EFE19
|
| 040 |
|
|
|a SNK
|b slo
|c SNK
|e AACR2
|
| 041 |
0 |
|
|a slo
|
| 044 |
|
|
|a xo
|c SK
|
| 080 |
|
|
|a 78(091)
|2 1981
|
| 100 |
1 |
|
|a Hauznerová, Eva
|4 aut
|9 44164
|
| 245 |
1 |
0 |
|a Dejiny hudby pre kurzy tanečnej tvorby
|c Eva Hauznerová
|
| 260 |
|
|
|a Bratislava
|b Národné osvetové centrum
|c 1996
|
| 300 |
|
|
|a 100 s.
|b Fotogr., noty
|c 21 cm
|
| 490 |
1 |
|
|a Edícia vzdelávania
|
| 500 |
|
|
|a Ilustr. na tit. strane. Biogr. údaje
|
| 504 |
|
|
|a Bibliogr. s. 97
|
| 650 |
0 |
7 |
|a dejiny hudby
|2 SNK
|9 3387
|
| 655 |
|
7 |
|a príručky
|2 SNK
|9 74364
|
| 830 |
|
0 |
|a Edícia vzdelávania
|9 284612
|
| 919 |
|
|
|a 80-7121-108-7
|
| 958 |
|
|
|a OND
|
| 958 |
|
|
|a TL
|
| 958 |
|
|
|a NB
|
| 999 |
|
|
|c 796809
|d 798739
|
| 952 |
|
|
|t P60, <09>, [BOOK], {629}
|a SNK
|b SNK
|y NEVYP
|7 0
|o snkC 1106
|i snk2104/960610
|0 0
|1 0
|4 0
|d 1996-06-07
|l 0
|r 2005-01-01 00:00:00
|w 2026-02-24
|
| 952 |
|
|
|t P60, <03>, [BOOK], {603}
|a SNK
|b SNK
|y PREZ
|7 0
|p 17A0005571
|o snkSC 90696
|i snkKSP 5043/96
|0 0
|1 0
|4 0
|d 1996-06-07
|f 1
|l 0
|r 2025-09-09 00:00:00
|w 2026-02-24
|
| 952 |
|
|
|t P60, <04>, [BOOK], {604}
|a SNK
|b SNK
|y VYP
|7 0
|p 17A0005570
|o snkSC 90696 D1
|i snkKSP 5044/96
|0 0
|1 0
|4 0
|d 1996-06-07
|l 0
|r 2005-01-01 00:00:00
|w 2026-02-24
|